Sayyid ʻAbd al-Raḥmān al-Mahdī : (Record no. 5360)

MARC details
000 -LEADER
fixed length control field 01259cam a22003134a 4500
001 - CONTROL NUMBER
control field 13523102
005 - DATE AND TIME OF LATEST TRANSACTION
control field 20050303152635.0
008 - FIXED-LENGTH DATA ELEMENTS--GENERAL INFORMATION
fixed length control field 040315s2004 maua b 001 0deng
010 ## - LIBRARY OF CONGRESS CONTROL NUMBER
LC control number 2004045785
020 ## - INTERNATIONAL STANDARD BOOK NUMBER
International Standard Book Number 9004138544
040 ## - CATALOGING SOURCE
Original cataloging agency DLC
Transcribing agency DLC
Modifying agency DLC
042 ## - AUTHENTICATION CODE
Authentication code pcc
043 ## - GEOGRAPHIC AREA CODE
Geographic area code f-sj---
050 00 - LIBRARY OF CONGRESS CALL NUMBER
Classification number BP189.7.M26
Item number I56 2004
100 1# - MAIN ENTRY--PERSONAL NAME
Personal name Ibrahim, Hassan Ahmed.
600 10 - SUBJECT ADDED ENTRY--PERSONAL NAME
Personal name Mahdī, ʻAbd al-Raḥmān,
245 10 - TITLE STATEMENT
Title Sayyid ʻAbd al-Raḥmān al-Mahdī :
Remainder of title a study of neo-Mahdīsm in the Sudan, 1899-1956 /
Statement of responsibility, etc by Hassan Ahmed Ibrahim.
260 ## - PUBLICATION, DISTRIBUTION, ETC. (IMPRINT)
Place of publication, distribution, etc Boston :
Name of publisher, distributor, etc Brill,
Date of publication, distribution, etc 2004.
300 ## - PHYSICAL DESCRIPTION
Extent xiii, 260 p. :
Other physical details ill. ;
Dimensions 25 cm.
440 #0 - SERIES STATEMENT/ADDED ENTRY--TITLE
Title Islam in Africa,
International Standard Serial Number 0928-5520 ;
Volume number/sequential designation v. 4
504 ## - BIBLIOGRAPHY, ETC. NOTE
Bibliography, etc Includes bibliographical references (p. [249]-251) and indexes.
600 10 - SUBJECT ADDED ENTRY--PERSONAL NAME
Dates associated with a name b. 1885.
650 #0 - SUBJECT ADDED ENTRY--TOPICAL TERM
Topical term or geographic name as entry element Mahdiyah.
650 #0 - SUBJECT ADDED ENTRY--TOPICAL TERM
Topical term or geographic name as entry element Sufism
Geographic subdivision Sudan
General subdivision History.
650 #0 - SUBJECT ADDED ENTRY--TOPICAL TERM
Topical term or geographic name as entry element Islam and politics
Geographic subdivision Sudan.
906 ## - LOCAL DATA ELEMENT F, LDF (RLIN)
a 7
b cbc
c orignew
d 1
e ocip
f 20
g y-gencatlg
942 ## - ADDED ENTRY ELEMENTS (KOHA)
Source of classification or shelving scheme Library of Congress Classification
Item type Book
Holdings
Withdrawn status Lost status Source of classification or shelving scheme Damaged status Not for loan Collection code Home library Current library Shelving location Date acquired Total Checkouts Full call number Barcode Date last borrowed Price effective from Koha item type
    Library of Congress Classification     Non-fiction Bishop Okullu Memorial Library (Limuru Campus) Bishop Okullu Memorial Library (Limuru Campus) General Circulation 09/06/2010 1 BP189.7.M26 I56 2004 019598 28/05/2013 09/06/2010 Book